Statistics for Florida Universities - Map Quiz

Click here to take the quiz!

General Stats

  • This quiz has been taken 63 times
    (9 since last reset)
  • The average score is 7 of 14

Answers on the Map

Answers color-coded by a green-red scale on the quiz's map according to % correct below.
 

Answer Stats

Answer% Correct
Florida State University
80%
University of Florida
80%
University of Miami
80%
University of South Florida
80%
Florida Atlantic University
60%
University of Central Florida
60%
University of North Florida
60%
University of West Florida
60%
Bethune-Cookman University
40%
Florida Gulf Coast University
20%
Florida Southern College
20%
Florida University of Technology
20%
Stetson University
20%
Flagler College
0%

Score Distribution

Percentile by Number Answered

Percent of People with Each Score

Your Score History

You have not taken this quiz since the last reset